| 000 | 01692nam a22003854a 4500 | ||
|---|---|---|---|
| 001 | ebr10085265 | ||
| 003 | CaPaEBR | ||
| 006 | m u | ||
| 007 | cr cn||||||||| | ||
| 008 | 021016s2003 enka sb 001 0 eng | ||
| 020 | _z0195159934 | ||
| 040 |
_aCaPaEBR _cCaPaEBR |
||
| 035 | _a(OCoLC)57144473 | ||
| 043 | _ae-uk--- | ||
| 050 | 1 | 4 |
_aJN979 _b.M395 2003eb |
| 082 | 0 | 4 |
_a324.6/2/0941 _221 |
| 100 | 1 |
_aMayhall, Laura E. Nym, _d1963- |
|
| 245 | 1 | 4 |
_aThe militant suffrage movement _h[electronic resource] : _bcitizenship and resistance in Britain, 1860-1930 / _cLaura E. Nym Mayhall. |
| 260 |
_a[Oxford] ; _aNew York : _bOxford University Press, _c2003. |
||
| 300 |
_axiii, 218 p. : _bill. |
||
| 504 | _aIncludes bibliographical references (p. 189-208) and index. | ||
| 533 |
_aElectronic reproduction. _bPalo Alto, Calif. : _cebrary, _d2013. _nAvailable via World Wide Web. _nAccess may be limited to ebrary affiliated libraries. |
||
| 650 | 0 |
_aWomen _xSuffrage _zGreat Britain _xHistory. |
|
| 650 | 0 |
_aWomen's rights _zGreat Britain _xHistory. |
|
| 650 | 0 | _aSouth African War, 1899-1902. | |
| 651 | 0 |
_aGreat Britain _xPolitics and government _y1837-1901. |
|
| 651 | 0 |
_aGreat Britain _xPolitics and government _y1901-1936. |
|
| 651 | 0 |
_aGreat Britain _xHistory _yVictoria, 1837-1901. |
|
| 651 | 0 |
_aGreat Britain _xHistory _yEdward VII, 1901-1910. |
|
| 651 | 0 |
_aGreat Britain _xHistory _yGeorge V, 1910-1936. |
|
| 651 | 0 |
_aTransvaal (South Africa) _xHistory _yWar of 1880-1881. |
|
| 655 | 7 |
_aElectronic books. _2local |
|
| 710 | 2 | _aebrary, Inc. | |
| 856 | 4 | 0 |
_uhttp://site.ebrary.com/lib/rucke/Doc?id=10085265 _zAn electronic book accessible through the World Wide Web; click to view |
| 999 |
_c67149 _d67149 |
||